| 000 | 00712nam a22002297a 4500 | ||
|---|---|---|---|
| 005 | 20180915112904.0 | ||
| 006 | a|||||f|||| 00| 0 | ||
| 007 | tc | ||
| 008 | 180720b xxu||||| |||| 00| 0 eng d | ||
| 010 | _aBR-000952-BR-000953 | ||
| 020 | _c14.00 | ||
| 035 | _a BR-000952 | ||
| 037 | _bA.I.C.B. | ||
| 082 | _aS | ||
| 100 | _aGupta, Reeta | ||
| 245 |
_aHow Manjini become a magician _cby Reeta Gupta |
||
| 260 |
_aDelhi _bA.C.I.B. _cN.D. |
||
| 270 |
_aSector-5, Rohini, _bNew Delhi _e110085 |
||
| 300 |
_avarious pages. _c30cm(HB). |
||
| 942 |
_2ddc _cBRLHN _hS _mGUP |
||
| 999 |
_c156332 _d156332 |
||